Resettlement and rehabilitation: a study of Sardar Sarovar Project affected families (PAFs) (Record no. 493503)

000 -LEADER
fixed length control field 00592cam a22001577a 4500
008 - FIXED-LENGTH DATA ELEMENTS--GENERAL INFORMATION
fixed length control field 180718b2007 xxu||||| |||| 00| 0 eng d
082 ## - DEWEY DECIMAL CLASSIFICATION NUMBER
Classification number APPPA 2006-07/VYA/46
100 ## - MAIN ENTRY--PERSONAL NAME
Personal name Vyas Ji
245 ## - TITLE STATEMENT
Title Resettlement and rehabilitation: a study of Sardar Sarovar Project affected families (PAFs)
Statement of responsibility, etc. by Vyas Ji
260 ## - PUBLICATION, DISTRIBUTION, ETC.
Place of publication, distribution, etc. New Delhi
Name of publisher, distributor, etc. Indian Institute of Public Administration
Date of publication, distribution, etc. 2007
300 ## - PHYSICAL DESCRIPTION
Extent 181p.
500 ## - GENERAL NOTE
General note An APPPA M.Phil dissertation, 2006-07 (Guide: Prof. Dolly Arora)
650 ## - SUBJECT ADDED ENTRY--TOPICAL TERM
Topical term or geographic name entry element Sardar Sarovar Project affected families (PAFs)
650 ## - SUBJECT ADDED ENTRY--TOPICAL TERM
Topical term or geographic name entry element Rehabilitation
650 ## - SUBJECT ADDED ENTRY--TOPICAL TERM
Topical term or geographic name entry element Resettlement
Holdings
Withdrawn status Lost status Damaged status Not for loan Permanent Location Current Location Date acquired Full call number Barcode Date last seen Price effective from Koha item type
        Indian Institute of Public Administration Indian Institute of Public Administration 2018-08-04 APPPA 2006-07/VYA/46 GR17848 2018-08-04 2018-08-04 GR

Powered by Koha